The One Country - Click Quiz - Statistics

General Stats
  • This quiz has been taken 33 times
  • The average score is 17 of 24
Answer Stats
Hint Answer % Correct
The one country ending in -stan Kazakhstan
100%
The one country with a two-word name New Zealand
100%
The one country in Europe Norway
100%
The one country with "States" in its name Federated States of Micronesia
96%
The one country that contains the letter Q Mozambique
96%
The one country with a province named Alberta Canada
93%
The one country located in the Horn of Africa Somalia
85%
The one country that shares part of its name with a neighbouring country Democratic Republic of the Congo
78%
The one country with four letters in its name Fiji
74%
The one country that borders Nicaragua Honduras
74%
The one country divided into North and South from 1954-1976 Vietnam
67%
The one country whose largest urban area is Guangzhou China
63%
The one country where the majority of the population are not its citizens United Arab Emirates
63%
The one country that won the first FIFA World Cup Uruguay
59%
The one country that shares the island of Hispaniola Haiti
56%
The one country that starts with the letter I India
56%
The one country with wild platypuses Australia
52%
The one country with a Black Sea coastline Georgia
52%
The one country whose name is a common boy's name Jordan
52%
The one country where Thai is the official language Thailand
52%
The one country whose capital is Libreville Gabon
48%
The one country where fast trains are called Shinkansen Japan
48%
The one country whose national sport is archery Bhutan
44%
The one country with a population of 213 million people Brazil
44%
No matching quizzes found
Score Distribution
Percent of People with Each Score
Percentile by Number Answered
Your Score History
You have not taken this quiz